[Event "ESP-chT CECLUB Div1"]
[Site "Linares"]
[Date "2024.08.23"]
[Round "6.17"]
[White "Sanchez Saez, Francisco"]
[Black "Fataliyeva, Ulviyya Hasil Qizi"]
[Result "0-1"]
[WhiteElo "2268"]
[BlackElo "2369"]
[PlyCount "54"]
[EventDate "2024.08.18"]
[EventType "team-tourn"]
[EventRounds "7"]
[EventCountry "ESP"]
[SourceTitle "CBM 221 Extra"]
[Source "ChessBase"]
[SourceDate "2024.09.30"]
[SourceVersion "1"]
[SourceVersionDate "2024.09.30"]
[SourceQuality "1"]
[WhiteTeam "Eva Manises"]
[BlackTeam "Jaime Casas De Monzon"]
[WhiteTeamCountry "ESP"]
[BlackTeamCountry "ESP"]

1. e4 e5 2. Nf3 Nc6 3. Bc4 Nf6 4. d4 exd4 5. e5 d5 6. Bb5 Ne4 7. Nxd4 Bc5 8. Be3 0-0 9. Nxc6 bxc6 10. Bxc5 Nxc5 11. Bxc6 Rb8 12. Qxd5 Qe7 13. 0-0 Rxb2 14. Nc3 Rxc2 15. Qd4 Ne6 16. Qd3 Rb2 17. Nd5 Qc5 18. Rac1 Qd4 19. Qf5 Kh8 20. Nf6 Qh4 21. Rc4 Qh6 22. Nd7 Rd8 23. Qxf7 Rd2 24. Nb8 Rf8 25. Qe7 Qg6 26. Be4 Qh5 27. g3 Qe2 0-1

[Event "ESP-chT CECLUB Div1"]
[Site "Linares"]
[Date "2024.08.20"]
[Round "3.5"]
[White "Sanchez Saez, Francisco"]
[Black "Domingo Nunez, Alejandro"]
[Result "1-0"]
[WhiteElo "2268"]
[BlackElo "2318"]
[PlyCount "59"]
[EventDate "2024.08.18"]
[EventType "team-tourn"]
[EventRounds "7"]
[EventCountry "ESP"]
[SourceTitle "CBM 221 Extra"]
[Source "ChessBase"]
[SourceDate "2024.09.30"]
[SourceVersion "1"]
[SourceVersionDate "2024.09.30"]
[SourceQuality "1"]
[WhiteTeam "Eva Manises"]
[BlackTeam "Granada Aimpulsa"]
[WhiteTeamCountry "ESP"]
[BlackTeamCountry "ESP"]

1. e4 Nf6 2. e5 Nd5 3. d4 d6 4. Nf3 dxe5 5. Nxe5 c6 6. Be2 Bf5 7. 0-0 Nd7 8. f4 Nxe5 9. fxe5 e6 10. c4 Nb4 11. Nc3 Bc2 12. Qd2 Bg6 13. Qf4 Nc2 14. Be3 Nxa1 15. Rxa1 Be7 16. d5 Bb4 17. Ne4 exd5 18. cxd5 Qxd5 19. Bf3 Qa5 20. Nf6+ gxf6 21. Qxf6 Kd7 22. Rc1 Rac8 23. a3 Bxa3 24. bxa3 Qxa3 25. e6+ Kc7 26. Bf4+ Kb6 27. Qd4+ c5 28. Qd6+ Ka5 29. Bd2+ Ka4 30. Qd7+ 1-0

[Event "ESP-ch Rapid"]
[Site "Mengibar"]
[Date "2024.08.17"]
[Round "9"]
[White "Cruz Lledo, Pablo"]
[Black "Sanchez Saez, Francisco"]
[Result "1-0"]
[WhiteElo "2399"]
[BlackElo "2268"]
[PlyCount "103"]
[EventDate "2024.08.17"]
[EventType "swiss (rapid)"]
[EventRounds "10"]
[EventCountry "ESP"]
[SourceTitle "CBM 221 Extra"]
[Source "ChessBase"]
[SourceDate "2024.09.30"]
[SourceVersion "1"]
[SourceVersionDate "2024.09.30"]
[SourceQuality "1"]

1. d4 Nf6 2. c4 c5 3. d5 b5 4. f3 g6 5. e4 d6 6. cxb5 a6 7. Na3 Bg7 8. Ne2 0-0 9. Nc3 Nfd7 10. Be3 Qa5 11. Nc4 Qc7 12. a4 axb5 13. Nxb5 Qb7 14. Be2 Nb6 15. 0-0 Nxc4 16. Bxc4 Na6 17. Rb1 Nb4 18. Bd2 Bd7 19. Bc3 Bh6 20. b3 f5 21. e5 Be3+ 22. Kh1 Bxb5 23. Bxb5 Nxd5 24. Bc4 e6 25. Qd3 Nxc3 26. Bxe6+ Kg7 27. Qxc3 Bd4 28. Qc4 dxe5 29. Bd5 Qa6 30. Bxa8 Qxc4 31. bxc4 Rxa8 32. g4 g5 33. Rb7+ Kf6 34. Rb6+ Kf7 35. gxf5 Rxa4 36. Rc1 h5 37. Rg6 Rb4 38. Rc2 g4 39. fxg4 hxg4 40. Kg2 Rb1 41. Rxg4 Kf6 42. Rg3 Kxf5 43. Rf3+ Kg4 44. Rg3+ Kf4 45. Rf3+ Kg4 46. h3+ Kh4 47. Re2 Rg1+ 48. Kh2 Rc1 49. Rf5 Bg1+ 50. Kg2 Rxc4 51. Kxg1 Kxh3 52. Rfxe5 1-0

[Event "ESP-ch Rapid"]
[Site "Mengibar"]
[Date "2024.08.17"]
[Round "3"]
[White "Sanchez Saez, Francisco"]
[Black "Lianes Garcia, Marcos"]
[Result "1/2-1/2"]
[WhiteElo "2268"]
[BlackElo "2401"]
[PlyCount "81"]
[EventDate "2024.08.17"]
[EventType "swiss (rapid)"]
[EventRounds "10"]
[EventCountry "ESP"]
[SourceTitle "CBM 221 Extra"]
[Source "ChessBase"]
[SourceDate "2024.09.30"]
[SourceVersion "1"]
[SourceVersionDate "2024.09.30"]
[SourceQuality "1"]

1. e4 g6 2. d4 Bg7 3. Nc3 c5 4. dxc5 Bxc3+ 5. bxc3 Qa5 6. Qd2 Nf6 7. Bd3 Qxc5 8. Nf3 Nc6 9. 0-0 d6 10. Rb1 a6 11. Qh6 Qh5 12. Nd4 Qxh6 13. Bxh6 Ng4 14. Bd2 Nge5 15. f4 Nd7 16. Be3 0-0 17. Rfe1 Re8 18. h3 Na5 19. Nb3 Nc6 20. Nd4 e5 21. Nxc6 bxc6 22. f5 gxf5 23. exf5 d5 24. Bh6 e4 25. Re3 Kh8 26. Rf1 Rg8 27. Be2 f6 28. c4 Ne5 29. cxd5 cxd5 30. c4 Bb7 31. cxd5 Bxd5 32. Rd1 Rgd8 33. Rd2 a5 34. Rg3 Rd7 35. Rxd5 Rxd5 36. Bg7+ Kg8 37. Bh6+ Kh8 38. Bg7+ Kg8 39. Bh6+ Kh8 40. Bg7+ Kg8 41. Bh6+ 1/2-1/2

[Event "ESP-chT CECLUB Div2"]
[Site "Linares"]
[Date "2021.08.12"]
[Round "5.2"]
[White "Lopez del Alamo, Antonio"]
[Black "Sanchez Saez, Francisco"]
[Result "1-0"]
[WhiteElo "2242"]
[BlackElo "2358"]
[PlyCount "81"]
[EventDate "2021.08.09"]
[EventType "team-swiss"]
[EventRounds "7"]
[EventCountry "ESP"]
[SourceTitle "CBM 203 Extra"]
[Source "ChessBase"]
[SourceDate "2021.09.30"]
[SourceVersion "1"]
[SourceVersionDate "2021.09.30"]
[SourceQuality "1"]
[WhiteTeam "Villalba 64 Miscasa"]
[BlackTeam "Silla Bosch Serinsys II"]
[WhiteTeamCountry "ESP"]
[BlackTeamCountry "ESP"]

1. d4 Nf6 2. Bg5 Ne4 3. Bf4 d5 4. e3 c5 5. Nd2 Nc6 6. Nxe4 dxe4 7. c3 Qb6 8. Qb3 Be6 9. Qxb6 axb6 10. Bc7 Rxa2 11. Rxa2 Bxa2 12. Bxb6 cxd4 13. exd4 e5 14. Ne2 f5 15. dxe5 Nxe5 16. Nd4 g6 17. b3 Kf7 18. Bb5 Bb1 19. f4 exf3 20. Nxf3 Bd6 21. Ke2 Be4 22. Ng5+ Ke7 23. Nxe4 fxe4 24. Ke3 Rc8 25. Bd4 Ng4+ 26. Kxe4 Bc5 27. Re1 Bxd4 28. Kxd4+ Kf6 29. h3 Nh6 30. g4 Rc7 31. Bc4 Kg5 32. Bd5 Kh4 33. Rf1 Re7 34. c4 Re2 35. Bxb7 Rh2 36. Rf3 Rxh3 37. Rxh3+ Kxh3 38. Bc8 Nxg4 39. c5 h5 40. c6 Kh2 41. c7 1-0

[Event "ESP-chT CECLUB Div2"]
[Site "Linares"]
[Date "2021.08.11"]
[Round "4.2"]
[White "Sanchez Saez, Francisco"]
[Black "Camarena Gimenez, Rufino"]
[Result "0-1"]
[WhiteElo "2358"]
[BlackElo "2300"]
[PlyCount "80"]
[EventDate "2021.08.09"]
[EventType "team-swiss"]
[EventRounds "7"]
[EventCountry "ESP"]
[SourceTitle "CBM 203 Extra"]
[Source "ChessBase"]
[SourceDate "2021.09.30"]
[SourceVersion "1"]
[SourceVersionDate "2021.09.30"]
[SourceQuality "1"]
[WhiteTeam "Silla Bosch Serinsys II"]
[BlackTeam "Xeraco CE"]
[WhiteTeamCountry "ESP"]
[BlackTeamCountry "ESP"]

1. e4 e6 2. d4 d5 3. Nc3 Nf6 4. e5 Nfd7 5. f4 c5 6. Nf3 Nc6 7. Be3 Qb6 8. Na4 Qa5+ 9. c3 b6 10. Bd2 c4 11. b4 Nxb4 12. cxb4 Bxb4 13. Qc2 Bxd2+ 14. Nxd2 b5 15. Nc3 b4 16. Qa4 Qb6 17. Nb5 0-0 18. Nf3 Nb8 19. Nd6 Bd7 20. Qd1 Nc6 21. Be2 a5 22. 0-0 a4 23. Kh1 b3 24. a3 Rab8 25. Qd2 b2 26. Rab1 Qb3 27. Ng5 h6 28. Nge4 dxe4 29. Nxc4 e3 30. Nxe3 Qxa3 31. Nc4 Qa2 32. Qd3 Ne7 33. Qc3 Nd5 34. Qg3 Rb4 35. Nd6 a3 36. f5 exf5 37. Bd3 Qb3 38. Rxf5 a2 39. e6 axb1Q+ 40. Bxb1 Qd1+ 0-1

[Event "ESP-chT CECLUB Div2"]
[Site "Linares"]
[Date "2021.08.09"]
[Round "1.2"]
[White "Sanchez Saez, Francisco"]
[Black "Panades Catarineu, Oriol"]
[Result "1-0"]
[WhiteElo "2358"]
[BlackElo "2035"]
[PlyCount "59"]
[EventDate "2021.08.09"]
[EventType "team-swiss"]
[EventRounds "7"]
[EventCountry "ESP"]
[SourceTitle "CBM 203 Extra"]
[Source "ChessBase"]
[SourceDate "2021.09.30"]
[SourceVersion "1"]
[SourceVersionDate "2021.09.30"]
[SourceQuality "1"]
[WhiteTeam "Silla Bosch Serinsys II"]
[BlackTeam "Llinars Escacs"]
[WhiteTeamCountry "ESP"]
[BlackTeamCountry "ESP"]

1. e4 d5 2. exd5 Qxd5 3. Nc3 Qd8 4. d4 Nf6 5. Bc4 a6 6. Be3 Nc6 7. Nf3 Bg4 8. h3 Bxf3 9. Qxf3 e6 10. a3 Qd7 11. 0-0-0 0-0-0 12. Qe2 Nb8 13. d5 exd5 14. Nxd5 Nxd5 15. Bxd5 Bd6 16. Qf3 c6 17. Bb3 f6 18. Bb6 Rde8 19. Rd2 Qe7 20. Rhd1 Nd7 21. Be3 Ne5 22. Qf5+ Kc7 23. Rxd6 Qxd6 24. Bb6+ Kxb6 25. Rxd6 Kc7 26. Re6 h6 27. f4 Nd7 28. Qa5+ Kc8 29. Qh5 Kd8 30. Qf7 1-0

[Event "Valencia-chT Division Honor"]
[Site "Valencia"]
[Date "2021.07.04"]
[Round "3.6"]
[White "Nieves Cabanes, Javier"]
[Black "Sanchez Saez, Francisco"]
[Result "1-0"]
[WhiteElo "2181"]
[BlackElo "2342"]
[PlyCount "73"]
[EventDate "2021.07.03"]
[EventType "team-tourn"]
[EventRounds "3"]
[EventCountry "ESP"]
[SourceTitle "CBM 203 Extra"]
[Source "ChessBase"]
[SourceDate "2021.09.30"]
[SourceVersion "1"]
[SourceVersionDate "2021.09.30"]
[SourceQuality "1"]
[WhiteTeam "Manises Eva"]
[BlackTeam "Silla Bosch Serinsys"]
[WhiteTeamCountry "ESP"]
[BlackTeamCountry "ESP"]

1. d4 g6 2. Nf3 Bg7 3. c4 d6 4. Nc3 Nd7 5. Bg5 h6 6. Bh4 g5 7. Bg3 f5 8. e3 e5 9. h3 Ne7 10. dxe5 dxe5 11. Qc2 c6 12. 0-0-0 Qa5 13. Nd2 Nc5 14. f3 Be6 15. Nb3 Nxb3+ 16. axb3 0-0 17. Rd6 Bf7 18. Rd7 Qc5 19. Qd2 b5 20. e4 Qb4 21. Be2 bxc4 22. Bxc4 Bxc4 23. bxc4 Rab8 24. Rd1 a5 25. Qc2 fxe4 26. Nxe4 a4 27. Be1 Qb6 28. Rxe7 a3 29. Rdd7 Qe3+ 30. Kd1 Rf5 31. Rxg7+ Kf8 32. bxa3 Qxa3 33. Nc3 e4 34. Bg3 Rb2 35. Qxb2 Qxb2 36. Bd6+ Ke8 37. Rde7+ 1-0

[Event "Valencia-chT Division Honor"]
[Site "Valencia"]
[Date "2021.07.03"]
[Round "1.5"]
[White "Bendayan Claros, Aaron Arturo"]
[Black "Sanchez Saez, Francisco"]
[Result "1/2-1/2"]
[WhiteElo "2167"]
[BlackElo "2342"]
[PlyCount "45"]
[EventDate "2021.07.03"]
[EventType "team-tourn"]
[EventRounds "3"]
[EventCountry "ESP"]
[SourceTitle "CBM 203 Extra"]
[Source "ChessBase"]
[SourceDate "2021.09.30"]
[SourceVersion "1"]
[SourceVersionDate "2021.09.30"]
[SourceQuality "1"]
[WhiteTeam "Alfas del Pi"]
[BlackTeam "Silla Bosch Serinsys"]
[WhiteTeamCountry "ESP"]
[BlackTeamCountry "ESP"]

1. d4 g6 2. c4 Bg7 3. Nc3 d6 4. e4 Nf6 5. f3 0-0 6. Be3 Nc6 7. Nge2 a6 8. Qd2 Rb8 9. Rc1 Re8 10. Nd1 Bd7 11. Nf2 b5 12. c5 dxc5 13. Rxc5 e6 14. Nd3 a5 15. Rc1 b4 16. Bg5 h6 17. Be3 a4 18. Nc5 Kh7 19. g3 Na5 20. Nf4 Nc6 21. Ne2 Na5 22. Nf4 Nc6 23. Ne2 1/2-1/2

[Event "De los Reyes op 21st"]
[Site "De los Reyes"]
[Date "2019.12.02"]
[Round "3"]
[White "Gonzalez Prida, Jose Maria"]
[Black "Sanchez Saez, Francisco"]
[Result "0-1"]
[WhiteElo "1712"]
[BlackElo "2337"]
[PlyCount "82"]
[EventDate "2019.11.30"]
[EventType "swiss"]
[EventRounds "9"]
[EventCountry "ESP"]
[SourceTitle "CBM 193 Extra"]
[Source "ChessBase"]
[SourceDate "2020.01.31"]
[SourceVersion "1"]
[SourceVersionDate "2020.01.31"]
[SourceQuality "1"]

1. e4 c5 2. Nf3 d6 3. d3 Nc6 4. g3 g6 5. Bg2 Bg7 6. 0-0 Bd7 7. Nbd2 Qc8 8. Re1 Bh3 9. c3 h5 10. Bxh3 Qxh3 11. Ng5 Qd7 12. h4 Nh6 13. Kg2 Ng4 14. Nf1 0-0 15. Ne3 Nce5 16. f4 Nxe3+ 17. Bxe3 Ng4 18. d4 Qb5 19. b3 Rac8 20. Rc1 Nxe3+ 21. Rxe3 cxd4 22. c4 Qa5 23. Re2 b5 24. cxb5 Qxb5 25. Rec2 Rc3 26. Nf3 Rfc8 27. Rxc3 dxc3 28. Rc2 a5 29. Nd4 Qb4 30. Ne2 Qxe4+ 31. Kh3 d5 32. Nc1 a4 33. Re2 c2 34. Qe1 Qf5+ 35. Kh2 Bf6 36. b4 d4 37. Rd2 Rc3 38. Ne2 Re3 39. Qc1 d3 40. Rxc2 Rxe2+ 41. Rxe2 dxe2 0-1

[Event "ESP-ch rapid"]
[Site "Linares"]
[Date "2019.08.24"]
[Round "7"]
[White "Sanchez Saez, Francisco"]
[Black "Cruz Lledo, Pablo"]
[Result "1-0"]
[WhiteElo "2359"]
[BlackElo "2445"]
[PlyCount "83"]
[EventDate "2019.08.24"]
[EventType "swiss (rapid)"]
[EventRounds "9"]
[EventCountry "ESP"]
[SourceTitle "EXT 2020"]
[Source "ChessBase"]
[SourceDate "2019.10.17"]
[SourceVersion "1"]
[SourceVersionDate "2019.10.17"]
[SourceQuality "1"]

1. e4 c6 2. d4 d5 3. e5 g6 4. Bf4 Bg7 5. Qd2 f6 6. h4 fxe5 7. dxe5 Nd7 8. Nf3 Nf8 9. h5 gxh5 10. Rxh5 Be6 11. Bd3 Qb6 12. Nc3 Bf7 13. Na4 Qd8 14. Rg5 Ng6 15. 0-0-0 e6 16. Rg3 N8e7 17. Bg5 Qc7 18. Qb4 Bxe5 19. Bxg6 Nxg6 20. Nxe5 Qxe5 21. Re1 Qf5 22. f4 Rc8 23. Re5 c5 24. Qxb7 0-0 25. Rxf5 exf5 26. Nxc5 Rb8 27. Qxa7 Ra8 28. Qb6 Rab8 29. Qf6 Be8 30. Qd4 Bc6 31. b3 Rf7 32. Nd3 Re8 33. Bh6 Re4 34. Qc5 Bd7 35. Ne5 Rxe5 36. fxe5 f4 37. Rxg6+ hxg6 38. Qxd5 Bg4 39. Bxf4 Kg7 40. g3 g5 41. Bxg5 Bf3 42. Bf6+ 1-0

[Event "ESP-chT CECLUB Div2"]
[Site "Linares"]
[Date "2019.08.21"]
[Round "4.8"]
[White "Sanchez Saez, Francisco"]
[Black "Gonzalez Trigal, Jose Luis"]
[Result "1-0"]
[WhiteElo "2359"]
[BlackElo "2352"]
[PlyCount "131"]
[EventDate "2019.08.19"]
[EventType "team-swiss"]
[EventRounds "7"]
[EventCountry "ESP"]
[SourceTitle "EXT 2020"]
[Source "ChessBase"]
[SourceDate "2019.10.17"]
[SourceVersion "1"]
[SourceVersionDate "2019.10.17"]
[SourceQuality "1"]
[WhiteTeam "Enric Valor CC"]
[BlackTeam "Beniajan Duochess CAC II"]
[WhiteTeamCountry "ESP"]
[BlackTeamCountry "ESP"]

1. Nf3 Nf6 2. c4 e6 3. g3 d5 4. Bg2 dxc4 5. Na3 Bxa3 6. bxa3 0-0 7. Qc2 c5 8. Bb2 Nc6 9. Qxc4 b6 10. Ng5 Nd5 11. h4 Rb8 12. Qa4 Bd7 13. Qc2 f5 14. e4 Nf6 15. exf5 exf5 16. Qc4+ Kh8 17. Nf7+ Rxf7 18. Qxf7 Qe8+ 19. Qxe8+ Rxe8+ 20. Kd1 Ne5 21. Bxe5 Rxe5 22. Kc2 Re8 23. Rhe1 Rd8 24. Bf3 Kg8 25. Re3 f4 26. gxf4 Ba4+ 27. Kc3 Rd4 28. Rg1 Rxf4 29. h5 Kf8 30. d3 h6 31. Rg2 Be8 32. Rh2 Bf7 33. Kb2 Rf5 34. Be4 Rg5 35. Rg3 Re5 36. f4 Re7 37. Bg6 Bxg6 38. hxg6 Re1 39. Rgg2 Re3 40. Kc2 Nd5 41. Kd2 Re6 42. f5 Rf6 43. Re2 Ne7 44. Re6 Rxe6 45. fxe6 Nxg6 46. Rf2+ Ke7 47. Rf7+ Kxe6 48. Rxg7 Ne7 49. Rh7 Kd7 50. Kc3 b5 51. a4 a6 52. a5 h5 53. Rxh5 Nc6 54. Rxc5 Nxa5 55. Rh5 Nc6 56. Rh6 Kc7 57. d4 a5 58. d5 Nb4 59. Kd4 Nxa2 60. Kc5 Nc3 61. Rh7+ Kd8 62. Kc6 Ne2 63. Rh8+ Ke7 64. d6+ Kf7 65. d7 Nd4+ 66. Kd5 1-0

[Event "ESP-chT CECLUB Div2"]
[Site "Linares"]
[Date "2019.08.20"]
[Round "2.4"]
[White "Sanchez Saez, Francisco"]
[Black "Suarez Gomez, Julio"]
[Result "0-1"]
[WhiteElo "2359"]
[BlackElo "2433"]
[PlyCount "68"]
[EventDate "2019.08.19"]
[EventType "team-swiss"]
[EventRounds "7"]
[EventCountry "ESP"]
[SourceTitle "EXT 2020"]
[Source "ChessBase"]
[SourceDate "2019.10.17"]
[SourceVersion "1"]
[SourceVersionDate "2019.10.17"]
[SourceQuality "1"]
[WhiteTeam "Enric Valor CC"]
[BlackTeam "Interrias Sanx Fontecarmoa"]
[WhiteTeamCountry "ESP"]
[BlackTeamCountry "ESP"]

1. e4 c5 2. Nf3 e6 3. d4 cxd4 4. c3 dxc3 5. Nxc3 Nc6 6. Bc4 a6 7. 0-0 Nge7 8. Bg5 h6 9. Be3 b5 10. Bb3 Bb7 11. Re1 Na5 12. Nd5 Nxd5 13. Bxd5 Be7 14. Bxb7 Nxb7 15. Ne5 Bf6 16. Nd3 d6 17. Qf3 0-0 18. Rad1 Qe7 19. Qg4 Kh7 20. f4 Rfc8 21. e5 dxe5 22. fxe5 Bg5 23. Bxg5 hxg5 24. Nf2 Rd8 25. Ne4 Kg8 26. Nxg5 Qc5+ 27. Kh1 Rxd1 28. Rxd1 Rd8 29. Rf1 Qxe5 30. Qh5 Nd6 31. h4 Rd7 32. Qh7+ Kf8 33. Qg6 Nf5 34. Qh7 Ng3+ 0-1

[Event "Quart de Poblet op 7th"]
[Site "Quart de Poblet"]
[Date "2019.08.08"]
[Round "5"]
[White "Sanchez Saez, Francisco"]
[Black "Navarro Diaz, Carles"]
[Result "1-0"]
[WhiteElo "2359"]
[BlackElo "2067"]
[PlyCount "51"]
[EventDate "2019.08.05"]
[EventType "swiss"]
[EventRounds "9"]
[EventCountry "ESP"]
[SourceTitle "CBM 191 Extra"]
[Source "ChessBase"]
[SourceDate "2019.09.30"]
[SourceVersion "1"]
[SourceVersionDate "2019.09.30"]
[SourceQuality "1"]

1. e4 c5 2. d4 cxd4 3. c3 d3 4. Bxd3 d6 5. h3 Nf6 6. c4 e6 7. Nc3 Be7 8. Nf3 0-0 9. Be3 Nbd7 10. 0-0 Nc5 11. Bc2 a5 12. a3 Bd7 13. b4 axb4 14. axb4 Rxa1 15. Qxa1 Na6 16. b5 Nb4 17. Bb3 Qc7 18. Rd1 Rc8 19. Qa7 d5 20. e5 Ne8 21. b6 Qd8 22. cxd5 Rxc3 23. dxe6 Rxb3 24. exd7 Nc7 25. bxc7 Qxc7 26. Bb6 1-0

[Event "Xativa Murta op 3rd"]
[Site "Xativa"]
[Date "2017.07.19"]
[Round "4"]
[White "Sanchez Saez, Francisco"]
[Black "Galindo Montoya, Diego"]
[Result "1/2-1/2"]
[WhiteElo "2266"]
[BlackElo "1919"]
[PlyCount "132"]
[EventDate "2017.07.17"]
[EventType "swiss"]
[EventRounds "7"]
[EventCountry "ESP"]
[SourceTitle "EXT 2018"]
[Source "ChessBase"]
[SourceDate "2017.10.13"]
[SourceVersion "1"]
[SourceVersionDate "2017.10.13"]
[SourceQuality "1"]

1. e4 e5 2. Nc3 Nf6 3. Bc4 c6 4. d4 d5 5. dxe5 dxc4 6. Qxd8+ Kxd8 7. exf6 gxf6 8. Bf4 Be6 9. 0-0-0+ Nd7 10. Nf3 Ke8 11. a3 Rg8 12. Bg3 Rd8 13. Nd4 Nb6 14. f4 Bc5 15. Nf3 Bg4 16. Kb1 Be7 17. Ne2 Rd7 18. Nc3 Rxd1+ 19. Rxd1 f5 20. Re1 Bxf3 21. gxf3 fxe4 22. fxe4 h5 23. f5 h4 24. Bb8 Nc8 25. e5 Rg2 26. f6 Bc5 27. e6 fxe6 28. Rxe6+ Kf7 29. Re4 Bd6 30. Bxd6 Nxd6 31. Rxh4 Kxf6 32. Rh6+ Ke5 33. h4 Rg1+ 34. Ka2 Rg2 35. h5 Rxc2 36. Rh7 a5 37. Nd1 b5 38. Ne3 Re2 39. Re7+ Kf4 40. Nd5+ Kf3 41. Rxe2 Kxe2 42. Ne7 c5 43. h6 Nf7 44. h7 Kd2 45. Nc6 a4 46. Ne5 Nh8 47. Nd7 c3 48. bxc3 Kxc3 49. Nxc5 Ng6 50. Na6 Nh8 51. Nc7 Kc4 52. Na6 Ng6 53. Kb2 Nh8 54. Kc2 Ng6 55. Nb4 Nh8 56. Nd3 Kd4 57. Nb2 Ng6 58. Nd1 b4 59. axb4 Kc4 60. b5 Kxb5 61. Nc3+ Kc6 62. Kd3 Kd6 63. Ke4 Ke6 64. Nd5 Kf7 65. Nf4 Kg7 66. Nxg6 Kxh7 1/2-1/2

[Event "Valencia-ch op"]
[Site "Puerto de Sagunto"]
[Date "2017.04.22"]
[Round "1"]
[White "Dolz Belenguer, Ramon Miguel"]
[Black "Sanchez Saez, Francisco"]
[Result "0-1"]
[WhiteElo "1710"]
[BlackElo "2212"]
[PlyCount "58"]
[EventDate "2017.04.22"]
[EventType "swiss"]
[EventRounds "7"]
[EventCountry "ESP"]
[SourceTitle "EXT 2024"]
[Source "ChessBase"]
[SourceDate "2023.10.10"]
[SourceVersion "1"]
[SourceVersionDate "2023.10.10"]
[SourceQuality "1"]

1. e4 g6 2. d4 Bg7 3. Nf3 d6 4. Nc3 a6 5. a4 b6 6. Bc4 e6 7. Bg5 Ne7 8. 0-0 h6 9. Be3 Bb7 10. Qd2 Nd7 11. Rfe1 Nf6 12. d5 e5 13. h3 g5 14. Nh2 Bc8 15. Be2 Ng6 16. Ng4 h5 17. Nxf6+ Bxf6 18. Bf1 g4 19. Qe2 Nh4 20. Kh1 Ke7 21. f4 Qg8 22. fxe5 Bxe5 23. Qf2 g3 24. Qd2 f6 25. Ne2 Bxh3 26. Nf4 Bd7 27. Nd3 Ng6 28. Bf4 Nxf4 29. Nxf4 Qg5 0-1

[Event "Palmanova op 5th"]
[Site "Palmanova"]
[Date "2016.12.10"]
[Round "5"]
[White "Fercec, Nenad"]
[Black "Sanchez Saez, Francisco"]
[Result "1/2-1/2"]
[WhiteElo "2461"]
[BlackElo "2198"]
[PlyCount "72"]
[EventDate "2016.12.08"]
[EventType "swiss"]
[EventRounds "6"]
[EventCountry "ITA"]
[SourceTitle "CBM 176 Extra"]
[Source "ChessBase"]
[SourceDate "2017.03.02"]
[SourceVersion "1"]
[SourceVersionDate "2017.03.02"]
[SourceQuality "1"]

1. e4 c5 2. Nf3 d6 3. d4 cxd4 4. Nxd4 Nf6 5. Nc3 g6 6. Be3 Bg7 7. f3 0-0 8. Qd2 Nc6 9. 0-0-0 d5 10. Qe1 e5 11. Nxc6 bxc6 12. exd5 Nxd5 13. Bc4 Be6 14. Ne4 Qc7 15. Bc5 Rfd8 16. g4 Nf4 17. Bxe6 Rxd1+ 18. Qxd1 Nxe6 19. Bd6 Qa5 20. Kb1 Rd8 21. Qe1 Qxe1+ 22. Rxe1 f5 23. gxf5 gxf5 24. Be7 fxe4 25. Bxd8 exf3 26. Bh4 Nf4 27. Bf2 Ng2 28. Re4 Kf7 29. c3 Ke6 30. Kc2 Kf5 31. Kd3 Bh6 32. Rc4 Nf4+ 33. Kd2 Ng2+ 34. Kd3 Nf4+ 35. Kd2 Ng2+ 36. Kd3 Nf4+ 1/2-1/2

[Event "Palmanova op 5th"]
[Site "Palmanova"]
[Date "2016.12.09"]
[Round "2"]
[White "Sanchez Saez, Francisco"]
[Black "Laketic, Gojko"]
[Result "0-1"]
[WhiteElo "2198"]
[BlackElo "2368"]
[PlyCount "64"]
[EventDate "2016.12.08"]
[EventType "swiss"]
[EventRounds "6"]
[EventCountry "ITA"]
[SourceTitle "CBM 176 Extra"]
[Source "ChessBase"]
[SourceDate "2017.03.02"]
[SourceVersion "1"]
[SourceVersionDate "2017.03.02"]
[SourceQuality "1"]

1. c4 c6 2. Nf3 d5 3. g3 Nf6 4. Bg2 Bf5 5. cxd5 cxd5 6. Qb3 Bc8 7. 0-0 Nc6 8. d3 e6 9. Nc3 Be7 10. Bf4 0-0 11. Rac1 Nd7 12. h4 h6 13. d4 Nf6 14. Rfd1 Na5 15. Qc2 Bd7 16. e4 Rc8 17. Qe2 dxe4 18. Ne5 Nd5 19. Qxe4 Bc6 20. Nxc6 bxc6 21. Nxd5 cxd5 22. Qe2 Qb6 23. Rxc8 Rxc8 24. Bxd5 Bf6 25. Bg2 Bxd4 26. b3 Nc6 27. Rc1 Ne7 28. Rxc8+ Nxc8 29. Qc2 Nd6 30. Kh2 e5 31. Bc1 Bxf2 32. Ba3 Qe3 0-1

[Event "Mislata op 50th"]
[Site "Mislata"]
[Date "2016.08.14"]
[Round "9"]
[White "Echeverria, Nestor"]
[Black "Sanchez Saez, Francisco"]
[Result "0-1"]
[WhiteElo "2092"]
[BlackElo "2247"]
[PlyCount "40"]
[EventDate "2016.08.08"]
[EventType "swiss"]
[EventRounds "9"]
[EventCountry "ESP"]
[SourceTitle "CBM 173 Extra"]
[Source "ChessBase"]
[SourceDate "2016.08.29"]
[SourceVersion "1"]
[SourceVersionDate "2016.08.29"]
[SourceQuality "1"]

1. d4 c5 2. Nf3 Nf6 3. c4 cxd4 4. Nxd4 e5 5. Nc2 Nc6 6. Nc3 Bc5 7. Be3 Qe7 8. Qd2 0-0 9. g3 d6 10. Bg2 Bf5 11. Bxc5 dxc5 12. Ne3 Nd4 13. 0-0 Rad8 14. Ned5 Nxd5 15. Nxd5 Qe6 16. Rfe1 Bh3 17. Bh1 f5 18. Qg5 Nc2 19. Rad1 Nxe1 20. Ne7+ Qxe7 0-1